| 000 | 00405nam a2200169Ia 4500 | ||
|---|---|---|---|
| 008 | 230524s9999 xx 000 0 und d | ||
| 020 | _a9788183710817 | ||
| 082 |
_a621.3821 _bBAB |
||
| 100 | _aP.Ramesh Babu | ||
| 245 | 0 | _aDigital Signal Processing | |
| 250 | _a2ND | ||
| 260 |
_aNEW DELHI _bScitech _c2000 |
||
| 300 | _aG;13 | ||
| 500 | _aQuantity Number: 200 | ||
| 650 | _aElectronics | ||
| 942 | _cBK | ||
| 999 |
_c7861 _d7861 |
||